12 Mart 1971 (Record no. 7574)
[ view plain ]
| 000 -BAŞLIK | |
|---|---|
| Sabit Uzunlukta Kontrol Alanı | 01195na a2200361 4500 |
| 001 - KONTROL NUMARASI | |
| Denetim Alanı | 13063 |
| 003 - KONTROL NUMARASI IDENTIFIER | |
| Denetim Alanı | MIRAKIL |
| 005 - SON İŞLEM TARİHİ VE ZAMANI | |
| Denetim Alanı | 20181213155143.0 |
| 008 - SABİT-BOY VERİ ELEMANLARI - GENEL BİLGİLER | |
| Sabit Uzunlukta Kontrol Alanı | 160930b tu 000 0 |
| 035 ## - SİSTEM KONTROL NUMARASI | |
| Sistem Kontrol Numarası | 13063 |
| 040 ## - KATALOGLAMA KAYNAK | |
| Orijinal Kataloglama Ajansı | Milas |
| Kataloglama Dili | tur |
| Metne Dönüştürmek Ajansı | TR-AnCHP |
| 041 ## - DİL KODU | |
| Metin / Ses Parça Veya Ayrı Başlığın Dil Kodu | tur |
| 082 ## - DEWEY ONLU SINIFLANDIRMA NUMARASI | |
| Sınıflandırma Numarası | 321.09561 |
| Ürün Numarası | T831 2000 |
| 090 ## - SINIFLAMA NUMARASI | |
| Sınıflama Numarası | 321.09561 T831 2000 |
| 100 ## - ANA GİRİŞ - KİŞİSEL İSİM | |
| Kişisel Ad | Tuğ, A. Baki |
| 245 ## - BAŞLIK TABLOSU | |
| Başlık | 12 Mart 1971 |
| Başlığın Kalan | Denizlerden Apo'ya |
| Sorumluluk Tablosu, Vb | A. Baki Tuğ |
| 246 ## - UNVAN FORM VARYING | |
| Başlık Doğru / Kısa Başlığı | Denizlerden Apo'ya |
| 246 ## - UNVAN FORM VARYING | |
| Başlık Doğru / Kısa Başlığı | Denizlerden Apoya |
| 246 ## - UNVAN FORM VARYING | |
| Başlık Doğru / Kısa Başlığı | On iki Mart |
| 260 ## - YAYIN, DAĞITIM, VB | |
| Yayın, Dağıtım, Vb Yeri | Ankara |
| Yayıncı, Dağıtıcı, Vs Adı | Ocak Yayınları |
| Yayın, Dağıtım, Vb Tarihi | 2000 |
| 300 ## - FİZİKSEL TANIM | |
| Kapsam | c.2 (889 s.) |
| Boyutlar | 20 sm. |
| 500 ## - GENEL NOT | |
| Genel Not | Kütüphanemizde yalnızca 2. cilt bulunmaktadır |
| 600 ## - KONU KATMA GİRİŞ - KURUMSAL ADI | |
| Kişisel Ad | Öcalan, Abdullah (APO) |
| Bir Adıyla İlişkilendirilen Tarihler | 1949- |
| Genel Alt Bölümü | Siyasal etkinlik |
| 600 ## - KONU KATMA GİRİŞ - KURUMSAL ADI | |
| Kişisel Ad | Gezmiş, Deniz |
| Bir Adıyla İlişkilendirilen Tarihler | 1947-1972 |
| Genel Alt Bölümü | Siyasal etkinlik |
| 610 ## - KONU KATMA GİRİŞ - TOPLANTI ADI | |
| Giriş Elemanı Olarak Kurumsal Ad Veya Yargı Alanı Adı | Türk ordusu |
| Genel Alt Bölüm | Siyasal etkinlik |
| Kronolojik Alt Bölüm | 1960-1980 |
| Coğrafi Alt Bölüm | Türkiye |
| 650 ## - KONU KATMA GİRİŞ - TOPİKAL DÖNEM | |
| Topikal Süreli Veya Coğrafi Ad Giriş Elemanı | Askeri darbeler, 1971 |
| Coğrafi Alt Bölümü | Türkiye |
| 650 ## - KONU KATMA GİRİŞ - TOPİKAL DÖNEM | |
| Topikal Süreli Veya Coğrafi Ad Giriş Elemanı | Devrimciler |
| Genel Alt Bölümü | Siyasal etkinlik |
| Kronolojik Alt Bölümü | 1960-1980 |
| Coğrafi Alt Bölümü | Türkiye |
| 651 ## - KONU KATMA GİRİŞ - COĞRAFİ ADI | |
| Coğrafi İsim | Türkiye |
| Genel Alt Bölümü | Siyaset ve yönetim |
| Kronolojik Alt Bölümü | 1960-1980 |
| 651 ## - KONU KATMA GİRİŞ - COĞRAFİ ADI | |
| Coğrafi İsim | Türkiye |
| Genel Alt Bölümü | Siyasal tarih |
| Kronolojik Alt Bölümü | Askeri darbeler, 1971 |
| 942 ## - EKLENDİ GİRİŞ ELEMANLARI (KOHA) | |
| Sınıflandırma Veya Raf Düzeni Kaynak | |
| Koha Öğesi Türü | Books |
| 999 ## - SİSTEM KONTROL NUMARALARI (KOHA) | |
| Koha Biblionumber | 7574 |
| Koha Biblioitemnumber | 7574 |
| 657 ## - INDEX SÜRE - İŞLEVİ | |
| -- | Darbeler |
| -- | Türkiye |
| 657 ## - INDEX SÜRE - İŞLEVİ | |
| -- | 12 Mart darbesi |
| -- | Türkiye |
| Kalıcı Konum | Mevcut Konum | Edinme Tarihi | Edinim Kaynak | Toplam Check-Out'Lar | Tam Çağrı Numarası | Barkod | Tarih Son Görülme | İtibaren Geçerli Fiyatlar | Koha Öğesi Türü |
|---|---|---|---|---|---|---|---|---|---|
| CHP Kütüphanesi | CHP Kütüphanesi | 08/05/2016 | Bağış | 321.09561 T831 2000 | 000629 | 08/05/2016 | 08/05/2016 | Books |
